00498cam a2200181 a 4500001000800000005001700008008004100025010003100066020001500097040001800112041000800130080001300138082001700151100000600168101000800174245008300182504005100265114932820180215032818.0950317s1995 mdua b 001 0 eng  a 95128425 z 94007239  a0683083902 aDLCcDLCdDLC aeng a615.851500a615.8515220 a4 ashm00aOccupational therapy for physical dysfunction /ceditor, Catherine A. Trombly. aIncludes bibliographical references and index.